| 000 | 00413nam a22001577a 4500 | ||
|---|---|---|---|
| 999 |
_c3447 _d3447 |
||
| 008 | 200615b ||||| |||| 00| 0 eng d | ||
| 020 | _a81-219-2594-0 | ||
| 082 | 0 | 0 |
_a620.112 _bR1619 |
| 100 |
_92063 _aRajput, R.K. |
||
| 245 | 1 | 0 |
_aStrength of materials / _cby R.K. Rajput |
| 250 | _a5th rev. ed. | ||
| 260 |
_aNew Delhi : _bS Chand, _c2013. |
||
| 300 | _a1448 p. | ||
| 650 | 0 | _aStrength of Materials | |
| 942 | _cBK | ||